歴史国道 - Statistics

General Stats
  • This quiz has been taken 14 times
  • The average score is 5 of 24
Answer Stats
Hint Answer % Correct
長野県軽井沢町 中山道追分宿
64%
静岡県富士市・静岡市 東海道岩淵間宿~由比宿
57%
愛知県岡崎市 東海道藤川宿
57%
三重県亀山市 東海道関宿
57%
岐阜県中津川市・長野県南木曽町 中山道馬籠宿・妻籠宿・落合宿
57%
青森県七戸町 奥州街道七戸松並木
43%
福井県若狭町 若狭街道熊川宿
29%
北海道函館市・七飯町 札幌本道赤松街道
21%
新潟県出雲崎町 北国街道出雲崎宿
21%
富山県小矢部市・石川県津幡町 北陸道倶利伽羅峠
21%
和歌山県田辺市 熊野古道なかへちみち
21%
大阪府太子町・奈良県葛城市 竹内街道竹内宿
14%
山形県上山市 羽州街道楢下宿
7%
群馬県みなかみ町 三国街道須川宿
7%
岡山県新庄村 出雲街道新庄宿
7%
広島県府中市 石見銀山街道上下宿
7%
島根県大田市 石見銀山街道天領石見銀山
7%
大分県日田市 日田往還
7%
沖縄県恩納村 国頭方西街道
7%
福島県楢葉町 浜街道木戸宿
0%
徳島県美馬市 撫養街道
0%
高知県檮原町 檮原街道
0%
長崎県長崎市 長崎街道日見峠
0%
鹿児島県鹿児島市・姶良市 薩摩街道大口筋
0%
No matching quizzes found
Score Distribution
Percent of People with Each Score
Percentile by Number Answered
Your Score History
You have not taken this quiz